Human Anatomy Made Simple (Record no. 6574)
[ view plain ]
| 000 -LEADER | |
|---|---|
| fixed length control field | 00433nam a22001697a 4500 |
| 003 - CONTROL NUMBER IDENTIFIER | |
| control field | OSt |
| 005 - DATE AND TIME OF LATEST TRANSACTION | |
| control field | 20210924091500.0 |
| 008 - FIXED-LENGTH DATA ELEMENTS--GENERAL INFORMATION | |
| fixed length control field | 210924b |||||||| |||| 00| 0 eng d |
| 020 ## - INTERNATIONAL STANDARD BOOK NUMBER | |
| International Standard Book Number | 0-385--01116-4 |
| 040 ## - CATALOGING SOURCE | |
| Transcribing agency | Hawassa University |
| 050 ## - LIBRARY OF CONGRESS CALL NUMBER | |
| Classification number | 611/MUR |
| 082 ## - DEWEY DECIMAL CLASSIFICATION NUMBER | |
| Classification number | 611/MUR |
| 100 ## - MAIN ENTRY--PERSONAL NAME | |
| Personal name | Murray,Mackay |
| 9 (RLIN) | 6893 |
| 245 ## - TITLE STATEMENT | |
| Title | Human Anatomy Made Simple |
| 260 ## - PUBLICATION, DISTRIBUTION, ETC. | |
| Place of publication, distribution, etc. | New York |
| Name of publisher, distributor, etc. | Doubleday and Company,Inc |
| Date of publication, distribution, etc. | 1969 |
| 942 ## - ADDED ENTRY ELEMENTS (KOHA) | |
| Source of classification or shelving scheme | Dewey Decimal Classification |
| Koha item type | Books like text book referance book |
| Suppress in OPAC | No |
| Withdrawn status | Lost status | Source of classification or shelving scheme | Damaged status | Not for loan | Home library | Current library | Date acquired | Total Checkouts | Full call number | Barcode | Date last seen | Copy number | Price effective from | Koha item type |
|---|---|---|---|---|---|---|---|---|---|---|---|---|---|---|
| Dewey Decimal Classification | College of Agriculture Library | College of Agriculture Library | 09/24/2021 | 611/MUR | ALIB0007277 | 09/24/2021 | 1 | 09/24/2021 | Books like text book referance book | |||||
| Dewey Decimal Classification | College of Agriculture Library | College of Agriculture Library | 09/24/2021 | 611/MUR | ALIB0007278 | 09/24/2021 | 2 | 09/24/2021 | Books like text book referance book | |||||
| Dewey Decimal Classification | College of Agriculture Library | College of Agriculture Library | 09/24/2021 | 611/MUR | ALIB0007279 | 09/24/2021 | 3 | 09/24/2021 | Books like text book referance book | |||||
| Dewey Decimal Classification | College of Agriculture Library | College of Agriculture Library | 09/24/2021 | 611/MUR | ALIB0007280 | 09/24/2021 | 4 | 09/24/2021 | Books like text book referance book | |||||
| Dewey Decimal Classification | College of Agriculture Library | College of Agriculture Library | 09/24/2021 | 611/MUR | ALIB0007281 | 09/24/2021 | 5 | 09/24/2021 | Books like text book referance book | |||||
| Dewey Decimal Classification | College of Agriculture Library | College of Agriculture Library | 09/24/2021 | 611/MUR | ALIB0007282 | 09/24/2021 | 6 | 09/24/2021 | Books like text book referance book | |||||
| Dewey Decimal Classification | College of Agriculture Library | College of Agriculture Library | 09/24/2021 | 611/MUR | ALIB0007283 | 09/24/2021 | 7 | 09/24/2021 | Books like text book referance book |